| 000 | 004210000a22001690004500 | ||
|---|---|---|---|
| 003 | MACL | ||
| 005 | 20160105175103.0 | ||
| 008 | 160105b xxu||||| |||| 00| 0 eng d | ||
| 040 |
_aMACL _cMACL |
||
| 041 | _aEnglish | ||
| 082 | _a823/FRA | ||
| 100 |
_aFrance, Anatole _928405 |
||
| 245 | _aMonsieur Bergeret in Paris | ||
| 260 |
_bThe Bodley Head Ltd _c1925 _aLondon |
||
| 650 |
_aNovel _9153 |
||
| 942 |
_cBK _k823/FRA _2ddc |
||
| 999 |
_c36747 _d36747 |
||